Narraciones y leyendas Incas : (Record no. 21209)

000 -CABECERA
fixed length control field 01137nam a22002297a 4500
003 - IDENTIFICADOR DEL NÚMERO DE CONTROL
control field AR-CdUCM
008 - DATOS DE LONGITUD FIJA--INFORMACIÓN GENERAL
fixed length control field 190306b ||||| |||| 00| 0 spa d
040 ## - FUENTE DE LA CATALOGACIÓN
Agencia/entidad que catalogó originalmente la obra MUNICIPALIDAD PROVINCIAL DEL CUSCO
Entidad que transcribió la catalogación BIBLIOTECA MUNICIPAL DEL CUSCO
082 ## - NÚMERO DE LA CLASIFICACIÓN DECIMAL DEWEY
No. de Clasificación 985.61 / V17N
Notacion interna V17N
100 ## - ENTRADA PRINCIPAL--NOMBRE DE PERSONA
Nombre Personal Valcercel, Luis E.
245 ## - MENCIÓN DE TÍTULO
Título Narraciones y leyendas Incas :
Resto del título Antología de cronistas y autores modernos /
260 ## - PUBLICACIÓN, DISTRIBUCIÓN, ETC.
Lugar de publicación, distribución, etc. Cusco :
Nombre de la editorial, distribuidor, etc. Inkari,
Fecha de publicación, distribución, etc. 2018.
300 ## - DESCRIPCIÓN FÍSICA
Nº de Páginas Extensión 128 páginas ;
Dimensiones 17 cm.
440 ## - MENCIÓN DE SERIE/PUNTO DE ACCESO ADICIONAL--TÍTULO
Título Autores Andinos amazónicos
9 (RLIN) 44301
505 ## - NOTA DE CONTENIDO CON FORMATO
Nota de contenido formateada Contenido: El matador de la serpiente alada -- Obediencia -- Los siete hijos de Katu -- La ciudad sumergida -- La princesa burlada -- La achirana del Inca -- Los incas ajedrecistas -- Historia de Miguel Wayapa -- La amante del cóndor -- Fábula del origen de los incas -- Las cuatro edades -- Las aves mujeres -- La venida del Ñaymlap -- Cauillaca -- Los amores de Acoytrapa -- Los amores de Quilaco y Curicoillur.
650 ## - PUNTO DE ACCESO ADICIONAL DE MATERIA--TÉRMINO DE MATERIA
Descriptor Incas
9 (RLIN) 303
650 ## - PUNTO DE ACCESO ADICIONAL DE MATERIA--TÉRMINO DE MATERIA
Descriptor Cuentos andinos
9 (RLIN) 66
650 ## - PUNTO DE ACCESO ADICIONAL DE MATERIA--TÉRMINO DE MATERIA
Descriptor Literatura Quechua
9 (RLIN) 7789
650 ## - PUNTO DE ACCESO ADICIONAL DE MATERIA--TÉRMINO DE MATERIA
Descriptor Leyendas Incas
9 (RLIN) 33437
942 ## - ELEMENTOS DE PUNTO DE ACCESO ADICIONAL (KOHA)
Fuente de clasificación
Tipo de item Libros-BMC
945 ## - PROCESAMIENTO DE INFORMACIÓN LOCAL (OCLC)
Catalogador Roel
Holdings
Estado de retiro (separado) Fuente de clasificación o esquema de estanterías Estado dañado Ubicación Sala donde se ubica Nombre de la colección Fecha de adquisición o compra Fuente de adquisición Costo, precio normal en soles Signatura topográfica Código de Barras Última vez visto (Koha) Tipo de ítem (Koha)
No     Sala Humanidades Sala Humanidades Book Cart 2020-02-18 Depósito Legal BNP N° 2018-02379 10.00 985.61 / V17N SH0000015681 2020-02-18 Libros-BMC
No     Sala Humanidades Sala Humanidades Book Cart 2020-02-25 Donación 10.00 985.61/V17N/e.2 SH0000015702 2020-02-25 Libros-BMC

Powered by Koha